000 00534pam a2200205 a 4500
020 _c
040 _aMedical College Lib.
041 _aENG
_hENG
082 _a618.1
_bMEN
100 _aMenon, M.K.K. .
245 _aPostgraduate Obstetrics And Gynaecology /
_c
_hTextual Documents
250 _a4th /
_b.
260 _a :
_bOrient Longman ,
_c1989.
300 _a820-1632 ;
_c
365 _a240=00
700 _aDavi, P.K. .
_aRao, K.B. .
930 _a4005
999 _c4004
_d4004